[Event "GER-ch international (Women)"]
[Site "Bodenmais"]
[Date "2018.08.03"]
[Round "7"]
[White "Kuehne, Maria"]
[Black "Lorencova, Vera"]
[Result "0-1"]
[WhiteElo "1614"]
[BlackElo "1862"]
[PlyCount "144"]
[EventDate "2018.07.28"]
[EventType "swiss"]
[EventRounds "9"]
[EventCountry "GER"]
[SourceTitle "EXT 2019"]
[Source "ChessBase"]
[SourceDate "2018.10.10"]
[SourceVersion "1"]
[SourceVersionDate "2018.10.10"]
[SourceQuality "1"]

1. e4 d5 2. exd5 Nf6 3. Bb5+ Bd7 4. Be2 Nxd5 5. d4 g6 6. c4 Nb6 7. Nf3 Bg7 8. Nc3 0-0 9. Be3 Nc6 10. 0-0 Bg4 11. d5 Bxf3 12. Bxf3 Ne5 13. Bxb6 Nxf3+ 14. Qxf3 axb6 15. Rfd1 Qd6 16. a3 Qc5 17. Qd3 Qd6 18. Rab1 Rfd8 19. Nb5 Qd7 20. Qc2 Be5 21. Nc3 Qg4 22. Re1 Bd6 23. Ne4 Re8 24. Nxd6 exd6 25. a4 Qd4 26. b3 Re5 27. Rxe5 Qxe5 28. Qd2 Re8 29. g3 Qe4 30. Rd1 Qf3 31. Re1 Rxe1+ 32. Qxe1 Qxb3 33. Qe8+ Kg7 34. Qa8 Qxc4 35. Qxb7 Qxa4 36. Qxc7 Qd1+ 37. Kg2 Qxd5+ 38. f3 b5 39. Qc3+ Qe5 40. Qb3 Qe2+ 41. Kg1 Qc4 42. Qb2+ f6 43. Qa1 Qc5+ 44. Kf1 b4 45. Qa4 Qc4+ 46. Kf2 Qc7 47. Ke2 Qb7 48. Qb3 d5 49. Kd3 Kf7 50. Kd4 Qb6+ 51. Kd3 Ke6 52. Ke2 Kd6 53. f4 Qa6+ 54. Ke1 Qc4 55. Qa4 b3 56. Qa3+ Ke6 57. Qa8 Kf5 58. Qb7 Qc1+ 59. Ke2 Qc2+ 60. Kf3 Qe4+ 61. Kf2 Qd4+ 62. Kf3 Qd3+ 63. Kf2 Ke4 64. Qe7+ Kd4 65. Qxf6+ Kc4 66. Qc6+ Kb4 67. Qb7+ Ka3 68. Qa7+ Kb2 69. Qg7+ d4 70. Qxh7 Kc2 71. Qc7+ Qc3 72. Qb7 b2 0-1

[Event "GER-ch U16 Girls"]
[Site "Willingen"]
[Date "2018.05.26"]
[Round "9"]
[White "Mundt, Alexandra"]
[Black "Kuehne, Maria"]
[Result "1/2-1/2"]
[WhiteElo "1692"]
[BlackElo "1628"]
[PlyCount "82"]
[EventDate "2018.05.19"]
[EventType "swiss"]
[EventRounds "9"]
[EventCountry "GER"]
[SourceTitle "CBM 184 Extra"]
[Source "ChessBase"]
[SourceDate "2018.06.28"]
[SourceVersion "1"]
[SourceVersionDate "2018.06.28"]
[SourceQuality "1"]

1. Nf3 Nc6 2. d4 d5 3. c4 Nf6 4. g3 Bg4 5. Bg2 e6 6. 0-0 Be7 7. e3 0-0 8. Nbd2 Ne4 9. h3 Bxf3 10. Nxf3 f5 11. b3 h6 12. Bb2 Kh7 13. Nh2 Bd6 14. c5 Be7 15. a3 Bf6 16. Bxe4 fxe4 17. Ng4 Be7 18. Qc2 Kh8 19. Bc3 a6 20. b4 h5 21. Nh2 Qd7 22. f3 Bg5 23. Qe2 exf3 24. Nxf3 Qe7 25. Rae1 g6 26. a4 Na7 27. Ne5 Qg7 28. e4 Bf6 29. exd5 exd5 30. Qd3 Kh7 31. Rf2 Bxe5 32. dxe5 Rxf2 33. Kxf2 Qf7+ 34. Kg2 Re8 35. Rf1 Qg8 36. Qe3 Nc6 37. Bd2 Qg7 38. e6 Re7 39. Qf3 Rxe6 40. Qxd5 Re7 41. Qg5 Re5 1/2-1/2

[Event "GER-ch U16 Girls"]
[Site "Willingen"]
[Date "2018.05.22"]
[Round "4"]
[White "Flach, Helene"]
[Black "Kuehne, Maria"]
[Result "1-0"]
[WhiteElo "1812"]
[BlackElo "1628"]
[PlyCount "135"]
[EventDate "2018.05.19"]
[EventType "swiss"]
[EventRounds "9"]
[EventCountry "GER"]
[SourceTitle "CBM 184 Extra"]
[Source "ChessBase"]
[SourceDate "2018.06.28"]
[SourceVersion "1"]
[SourceVersionDate "2018.06.28"]
[SourceQuality "1"]

1. e4 d5 2. exd5 Qxd5 3. Nc3 Qd6 4. d4 c6 5. Nf3 Bg4 6. Be3 Nf6 7. Bd3 e6 8. h3 Bh5 9. Qe2 Nbd7 10. g4 Bg6 11. Bxg6 hxg6 12. 0-0-0 Be7 13. Kb1 0-0-0 14. a3 Qc7 15. Qc4 Nb6 16. Qb3 Bd6 17. Ng5 Nbd5 18. Nge4 Nxc3+ 19. Nxc3 Be7 20. Qa4 b6 21. Na2 Kb7 22. Nb4 a5 23. Nd3 Nd5 24. Ne5 Bd6 25. Nc4 Be7 26. Qb3 Ka6 27. Bd2 Nf6 28. Bf4 Qb7 29. Be5 c5 30. f3 b5 31. Nd2 cxd4 32. a4 Rd5 33. axb5+ Qxb5 34. Qxb5+ Rxb5 35. Bxd4 Rd8 36. Bc3 Bb4 37. Bxb4 Rxb4 38. Nb3 Nd5 39. Kc1 Rc8 40. Rd3 Rbc4 41. c3 Rb8 42. Nd2 Ra4 43. Kc2 Rf4 44. Ne4 Rc8 45. Kd2 Rb8 46. Kc2 Rc8 47. Kb1 Kb6 48. Rh2 Nf6 49. Ng5 Nd5 50. Rhd2 Rc7 51. Rd4 Rxd4 52. Rxd4 Re7 53. Kc1 Kc5 54. Ne4+ Kc6 55. Ra4 Kb5 56. b3 Kb6 57. Rd4 Rc7 58. Kd2 Nf6 59. Nd6 Nd5 60. Nc4+ Ka6 61. Kc2 Kb5 62. Nd6+ Ka6 63. c4 Nb4+ 64. Kb2 e5 65. Rd2 f6 66. Nb5 Re7 67. Nc3 f5 68. Rd6+ 1-0

[Event "GER-ch international (Women)"]
[Site "Bodenmais"]
[Date "2017.08.03"]
[Round "6"]
[White "Von Herman, Brigitte"]
[Black "Kuehne, Maria"]
[Result "1/2-1/2"]
[WhiteElo "2058"]
[BlackElo "1610"]
[PlyCount "71"]
[EventDate "2017.07.29"]
[EventType "swiss"]
[EventRounds "9"]
[EventCountry "GER"]
[SourceTitle "EXT 2019"]
[Source "ChessBase"]
[SourceDate "2018.10.10"]
[SourceVersion "1"]
[SourceVersionDate "2018.10.10"]
[SourceQuality "1"]

1. e4 Nc6 2. Nf3 Nf6 3. e5 Nd5 4. c4 Nb6 5. c5 Nd5 6. Bc4 e6 7. d4 d6 8. cxd6 cxd6 9. a3 Nb6 10. Bd3 dxe5 11. dxe5 Qc7 12. Bf4 Nd5 13. Bg3 Be7 14. 0-0 0-0 15. Re1 Rd8 16. Qe2 Nb6 17. Nc3 a6 18. Qe4 g6 19. Rac1 Bd7 20. h4 Bf8 21. h5 Bg7 22. Bh4 Rf8 23. Bb1 Rae8 24. b4 Qb8 25. hxg6 fxg6 26. Ba2 Ne7 27. Qd4 Qa7 28. Na4 Bxa4 29. Bxe6+ Kh8 30. Bxe7 Rxe7 31. Qh4 Rfe8 32. Ng5 h6 33. Nf7+ Kh7 34. Ng5+ Kh8 35. Nf7+ Kh7 36. Ng5+ 1/2-1/2

[Event "GER-chT U14"]
[Site "Duesseldorf"]
[Date "2016.12.28"]
[Round "4.4"]
[White "Kuehne, Maria"]
[Black "Koll, Linus"]
[Result "1/2-1/2"]
[WhiteElo "1632"]
[BlackElo "1650"]
[PlyCount "92"]
[EventDate "2016.12.27"]
[EventType "team-swiss"]
[EventRounds "7"]
[EventCountry "GER"]
[SourceTitle "EXT 2018"]
[Source "ChessBase"]
[SourceDate "2017.10.13"]
[SourceVersion "1"]
[SourceVersionDate "2017.10.13"]
[SourceQuality "1"]
[WhiteTeam "Ergolding U14"]
[BlackTeam "Karlsruhe SF U14"]
[WhiteTeamCountry "GER"]
[BlackTeamCountry "GER"]

1. e4 c5 2. b3 d6 3. Bb5+ Nc6 4. Bb2 e5 5. d3 Nf6 6. Ne2 a6 7. Bxc6+ bxc6 8. Nd2 Qc7 9. 0-0 Be7 10. h3 g5 11. f3 h5 12. Ng3 Be6 13. Nc4 g4 14. hxg4 hxg4 15. f4 exf4 16. Rxf4 d5 17. Be5 Qd8 18. Ne3 Rg8 19. Qf1 Nd7 20. Bb2 Bg5 21. Re1 Bxf4 22. Qxf4 Qa5 23. Ra1 0-0-0 24. exd5 cxd5 25. Nef5 Kb7 26. d4 Ka8 27. Ne7 Rge8 28. Nc6 Qb6 29. Nxd8 Rxd8 30. dxc5 Qxc5+ 31. Qf2 Qxf2+ 32. Kxf2 Kb7 33. Rd1 Rc8 34. Rd2 Nb6 35. Ke3 a5 36. a4 Kc6 37. Bc3 Ra8 38. Kf4 Nc8 39. Nh5 Nd6 40. Nf6 Kc5 41. Ke5 Ne4 42. Nxe4+ dxe4 43. Kxe4 Ra6 44. Ke5 Ra8 45. g3 Kc6 46. Rd6+ Kb7 1/2-1/2

[Event "Landesliga U20 Sued 1617"]
[Site "Bayern"]
[Date "2016.12.10"]
[Round "2.4"]
[White "Kuehne, Maria"]
[Black "Hacklinger, Leon"]
[Result "1-0"]
[WhiteElo "1517"]
[BlackElo "1172"]
[PlyCount "53"]
[EventDate "2016.11.12"]
[EventType "team-tourn"]
[EventRounds "7"]
[EventCountry "GER"]
[SourceTitle "EXT 2022"]
[Source "ChessBase"]
[SourceDate "2021.10.06"]
[SourceVersion "1"]
[SourceVersionDate "2021.10.06"]
[SourceQuality "1"]
[WhiteTeam "Ergolding FC U20"]
[BlackTeam "Buchloe U20"]
[WhiteTeamCountry "GER"]
[BlackTeamCountry "GER"]

1. e4 e5 2. Bc4 Nf6 3. d3 Bc5 4. Nc3 h6 5. f4 exf4 6. Bxf4 Nc6 7. h3 d6 8. Nf3 Nh5 9. Bh2 Qf6 10. Qd2 Nd4 11. Rf1 Bxh3 12. 0-0-0 Bg4 13. Nxd4 Qh4 14. Nf3 Bxf3 15. gxf3 Qh3 16. Nd5 0-0-0 17. Nf4 Nxf4 18. Qxf4 Rd7 19. d4 Bb6 20. c3 c6 21. Bxf7 Bd8 22. Qg4 Bg5+ 23. Kb1 Qxh2 24. Be6 h5 25. Bxd7+ Kc7 26. Qxg5 Kxd7 27. Qxg7+ 1-0

[Event "GER-ch international (Women)"]
[Site "Bodenmais"]
[Date "2016.08.02"]
[Round "4"]
[White "Just, Anita"]
[Black "Kuehne, Maria"]
[Result "1/2-1/2"]
[WhiteElo "1958"]
[BlackElo "1603"]
[PlyCount "56"]
[EventDate "2016.07.30"]
[EventType "swiss"]
[EventRounds "9"]
[EventCountry "GER"]
[SourceTitle "EXT 2019"]
[Source "ChessBase"]
[SourceDate "2018.10.10"]
[SourceVersion "1"]
[SourceVersionDate "2018.10.10"]
[SourceQuality "1"]

1. e4 d5 2. exd5 Qxd5 3. Nc3 Qd6 4. Bb5+ c6 5. Be2 Nf6 6. d4 Bf5 7. Nf3 e6 8. Bg5 Nbd7 9. Qd2 Be7 10. Bf4 Qb4 11. Nh4 Ne4 12. Nxe4 Qxb2 13. 0-0 Bxe4 14. Nf3 Qxc2 15. Qe3 Nf6 16. Rfc1 Nd5 17. Rxc2 Nxe3 18. Rb2 Nc2 19. Rd1 b6 20. Nd2 Bg6 21. Nf3 Nb4 22. Bd2 Nd5 23. Ne5 Rc8 24. Nxc6 Rc7 25. Nxe7 Kxe7 26. Bg5+ f6 27. Bd2 Be8 28. Bf3 Bc6 1/2-1/2

[Event "GER-chT U12"]
[Site "Magdeburg"]
[Date "2015.12.29"]
[Round "5.2"]
[White "Kuehne, Maria"]
[Black "Wu, Luka"]
[Result "1/2-1/2"]
[WhiteElo "1464"]
[BlackElo "1614"]
[PlyCount "153"]
[EventDate "2015.12.27"]
[EventType "team-swiss"]
[EventRounds "7"]
[EventCountry "GER"]
[SourceTitle "EXT 2017"]
[Source "ChessBase"]
[SourceDate "2016.10.25"]
[SourceVersion "1"]
[SourceVersionDate "2016.10.25"]
[SourceQuality "1"]
[WhiteTeam "Ergolding"]
[BlackTeam "Mannheim Lindenhof"]
[WhiteTeamCountry "GER"]
[BlackTeamCountry "GER"]

1. e4 e5 2. Bc4 Nf6 3. d3 Nc6 4. Nc3 Na5 5. Bb3 Nxb3 6. axb3 Bc5 7. Bg5 d6 8. Nge2 Bxf2+ 9. Kd2 h6 10. Bxf6 Qxf6 11. Kc1 Be3+ 12. Kb1 c6 13. Rf1 Qd8 14. Ng3 b5 15. Qf3 Bf4 16. Nh5 Qg5 17. Nxf4 Qxf4 18. Qxf4 exf4 19. Rxf4 Be6 20. Kc1 0-0 21. Kd2 b4 22. Ne2 c5 23. Ra6 Rfd8 24. Rf1 Bc8 25. Ra5 a6 26. Nf4 Bb7 27. g3 Rd7 28. Re1 f6 29. c3 Rc7 30. Rc1 Rac8 31. Re1 Kf7 32. c4 Re8 33. Rea1 Rce7 34. Nd5 Bxd5 35. cxd5 Ra7 36. Ke3 Ke7 37. Rc1 Rc8 38. Kf4 g5+ 39. Kf3 Kd7 40. Rca1 Rca8 41. Ke3 h5 42. d4 cxd4+ 43. Kxd4 Rc7 44. Kd3 Rac8 45. Rxa6 Rc2 46. Ra7+ Ke8 47. Ra8 Kd8 48. Rxc8+ Rxc8 49. Ra6 Ke7 50. Ra7+ Ke8 51. Kd2 Rc5 52. Ra4 Rb5 53. Kd3 Rc5 54. Rxb4 Rc1 55. Rc4 Rf1 56. Rc2 Rf3+ 57. Kc4 Re3 58. Kd4 Rxb3 59. Re2 Rb8 60. Kc4 Rc8+ 61. Kb5 Rb8+ 62. Kc6 Ke7 63. Kc7 Rb4 64. Kc6 Rb8 65. h4 Rb4 66. hxg5 fxg5 67. e5 Rc4+ 68. Kb5 Rc5+ 69. Kb4 Rxd5 70. exd6+ Kxd6 71. Kc3 Rc5+ 72. Kb3 h4 73. gxh4 gxh4 74. Rh2 Rh5 75. Kc4 h3 76. b4 Kc6 77. Kd4 1/2-1/2

[Event "Landesliga U20 Nord 1516"]
[Site "Bayern"]
[Date "2015.12.19"]
[Round "2.4"]
[White "Oberhofer, Marie"]
[Black "Kuehne, Maria"]
[Result "1-0"]
[WhiteElo "1606"]
[BlackElo "1476"]
[PlyCount "71"]
[EventDate "2015.11.21"]
[EventType "team-tourn"]
[EventRounds "7"]
[EventCountry "GER"]
[SourceTitle "EXT 2022"]
[Source "ChessBase"]
[SourceDate "2021.10.06"]
[SourceVersion "1"]
[SourceVersionDate "2021.10.06"]
[SourceQuality "1"]
[WhiteTeam "Bavaria Regensburg U20"]
[BlackTeam "Ergolding FC U20"]
[WhiteTeamCountry "GER"]
[BlackTeamCountry "GER"]

1. e4 Nc6 2. Nf3 d6 3. d4 Bg4 4. Be2 Nf6 5. Nc3 e5 6. Be3 Be7 7. 0-0 exd4 8. Nxd4 Bxe2 9. Qxe2 0-0 10. Nf5 Ne5 11. Rad1 Nfd7 12. Nd5 Ng6 13. c4 Re8 14. Rd2 Bf6 15. f3 Qc8 16. Rc1 Ne7 17. Nd4 Nxd5 18. cxd5 a5 19. Nb5 Bd8 20. Nxd6 cxd6 21. Rxc8 Rxc8 22. Rc2 Bf6 23. Rxc8 Rxc8 24. Qb5 Ne5 25. Qxb7 Re8 26. Qa6 Be7 27. Qxa5 Rc8 28. Qa7 Bf8 29. b4 Rc2 30. b5 Nc4 31. Qd4 Nxe3 32. Qxe3 Rxa2 33. Qb3 Ra8 34. b6 Be7 35. b7 Rb8 36. Qb6 1-0

[Event "GER-ch U12"]
[Site "Willingen"]
[Date "2015.05.29"]
[Round "9"]
[White "Henning, Marvin"]
[Black "Kuehne, Maria"]
[Result "1-0"]
[WhiteElo "1699"]
[BlackElo "1401"]
[PlyCount "45"]
[EventDate "2015.05.24"]
[EventType "swiss"]
[EventRounds "11"]
[EventCountry "GER"]
[SourceTitle "CBM 166 Extra"]
[Source "ChessBase"]
[SourceDate "2015.06.18"]
[SourceVersion "1"]
[SourceVersionDate "2015.06.18"]
[SourceQuality "1"]

1. e4 e6 2. d4 d5 3. exd5 exd5 4. Bd3 Nf6 5. Ne2 Be7 6. Bf4 0-0 7. 0-0 Re8 8. Nbc3 Nbd7 9. Nb5 Bd6 10. Bxd6 cxd6 11. Nxd6 Re6 12. Nxc8 Rxc8 13. Nf4 Rec6 14. c3 Qc7 15. Qf3 Qd6 16. Rab1 Nb6 17. Rfe1 Nc4 18. Re2 b5 19. Rbe1 a6 20. Nxd5 Ne3 21. Rxe3 Qf8 22. Ne7+ Kh8 23. Nxc6 1-0

[Event "GER-ch U12"]
[Site "Willingen"]
[Date "2015.05.27"]
[Round "7"]
[White "Asadzade, Idris"]
[Black "Kuehne, Maria"]
[Result "1/2-1/2"]
[WhiteElo "1575"]
[BlackElo "1401"]
[PlyCount "82"]
[EventDate "2015.05.24"]
[EventType "swiss"]
[EventRounds "11"]
[EventCountry "GER"]
[SourceTitle "CBM 166 Extra"]
[Source "ChessBase"]
[SourceDate "2015.06.18"]
[SourceVersion "1"]
[SourceVersionDate "2015.06.18"]
[SourceQuality "1"]

1. Nf3 Nc6 2. d4 d6 3. g3 Nf6 4. Bg2 Bf5 5. 0-0 e5 6. c4 Be7 7. d5 Nb8 8. Nc3 0-0 9. Re1 Nbd7 10. e4 Bg6 11. Nd2 Nc5 12. Nb3 Nfd7 13. Nxc5 Nxc5 14. f4 exf4 15. Bxf4 Bg5 16. Qf3 f5 17. e5 dxe5 18. Rxe5 Bf6 19. Re2 a6 20. Rae1 Rc8 21. b4 Nd7 22. c5 Bd4+ 23. Kh1 Bf6 24. Qd3 h6 25. Rd2 Re8 26. Rxe8+ Qxe8 27. Re2 Qf7 28. c6 bxc6 29. dxc6 Nb6 30. Nd5 Rd8 31. Rd2 Kh8 32. Qb3 Nxd5 33. Rxd5 Rxd5 34. Qxd5 Qe7 35. Qd2 Bf7 36. Bf1 Qe4+ 37. Qg2 Qd4 38. Qg1 Bd5+ 39. Bg2 Bxg2+ 40. Qxg2 Qd1+ 41. Qg1 Qd5+ 1/2-1/2

[Event "GER-chT U12"]
[Site "Verden"]
[Date "2014.12.29"]
[Round "6.3"]
[White "Kokshenyev, Michael"]
[Black "Kuehne, Maria"]
[Result "0-1"]
[WhiteElo "1086"]
[BlackElo "1204"]
[PlyCount "122"]
[EventDate "2014.12.27"]
[EventType "team-swiss"]
[EventRounds "7"]
[EventCountry "GER"]
[SourceTitle "EXT 2016"]
[Source "ChessBase"]
[SourceDate "2015.10.08"]
[SourceVersion "1"]
[SourceVersionDate "2015.10.08"]
[SourceQuality "1"]
[WhiteTeam "Karlsruhe"]
[BlackTeam "Ergolding"]
[WhiteTeamCountry "GER"]
[BlackTeamCountry "GER"]

1. c4 e5 2. g3 Nc6 3. Bg2 Bc5 4. Nc3 Nf6 5. d3 h6 6. e3 d6 7. Nge2 Bd7 8. 0-0 0-0 9. d4 exd4 10. exd4 Bb4 11. a3 Bxc3 12. Nxc3 Rb8 13. b4 a6 14. Qd3 Re8 15. Bb2 Ne7 16. c5 dxc5 17. dxc5 Bc6 18. Qxd8 Rbxd8 19. Bxc6 Nxc6 20. Rad1 Ne5 21. Rfe1 Nf3+ 22. Kf1 Rxe1+ 23. Rxe1 Nxe1 24. Kxe1 Re8+ 25. Kd2 Ne4+ 26. Nxe4 Rxe4 27. h3 g6 28. Kd3 Re6 29. Kd4 Re2 30. Bc1 Rxf2 31. Bxh6 Rf3 32. Bf4 c6 33. a4 f6 34. h4 Kf7 35. a5 Ke6 36. Ke4 Rb3 37. Bc7 Rxb4+ 38. Kf3 Kf5 39. Bd8 Rb3+ 40. Kf2 Rc3 41. Be7 Ke6 42. Bd6 Kd5 43. Be7 f5 44. Kg2 Ra3 45. Kf2 Rxa5 46. Ke3 Ra4 47. Bd6 Re4+ 48. Kd3 Rg4 49. Ke3 a5 50. Kd3 a4 51. Kc3 Rc4+ 52. Kb2 Rxc5 53. Bxc5 Kxc5 54. Ka3 b5 55. Kb2 Kc4 56. Kc2 a3 57. Kb1 b4 58. Kc1 Kd3 59. Kb1 Kc3 60. Kc1 a2 61. g4 a1Q# 0-1